000 00483nam a2200157 4500
001 138854
003 ES-MaACL
005 20230906195642.0
007 t|
008 070214s1941 sp r ||||1| spa d
100 1 _aSanz Egaña, C.
_9103635
245 1 0 _aHistoria de la veterinaria española
_b: albeitería, mariscaleria veterinaria /
_cC. Sanz Egaña.
260 _aMadrid :
_bEspasa Calpe,
_c1941.
300 _a487 p. :
_bil. ;
_c26 cm.
852 _aES-MaACL
_jB-9544
_bR.19308
999 _c138854
_d138854